[Event "ESP-ch FEDC 29th"]
[Site "San Fernando"]
[Date "2020.11.20"]
[Round "4"]
[White "San Juan Santin, Aaron"]
[Black "Mesa Garcia, Angel"]
[Result "1/2-1/2"]
[WhiteElo "1470"]
[BlackElo "1674"]
[PlyCount "105"]
[EventDate "2020.11.17"]
[EventType "swiss"]
[EventRounds "7"]
[EventCountry "ESP"]
[SourceTitle "EXT 2024"]
[Source "ChessBase"]
[SourceDate "2023.10.10"]
[SourceVersion "1"]
[SourceVersionDate "2023.10.10"]
[SourceQuality "1"]

1. e4 e5 2. Bc4 Nf6 3. d3 c6 4. Nf3 d5 5. exd5 cxd5 6. Bb3 Bd6 7. Nc3 d4 8. Ne2 0-0 9. 0-0 Bg4 10. Ng3 Re8 11. h3 Be6 12. Bxe6 Rxe6 13. Ng5 Re8 14. N5e4 Nxe4 15. Nxe4 Be7 16. Qf3 Nd7 17. Bd2 Rc8 18. Rac1 Qb6 19. b3 Ba3 20. Qe2 Bxc1 21. Rxc1 Nf6 22. Ng3 Qa6 23. Bg5 Nd5 24. Bd2 Nc3 25. Bxc3 Rxc3 26. Ne4 Rc6 27. a4 Rg6 28. Nd2 Qc6 29. f3 Qe6 30. Kh1 Qd5 31. Kg1 Rc8 32. Nc4 Re6 33. Kh1 b5 34. axb5 Qxb5 35. Ra1 Qb8 36. Ra2 f6 37. Qd2 Qb7 38. Qe1 Ra6 39. Ra5 Rxa5 40. Qxa5 Qd7 41. Kg1 h6 42. Kf2 Rb8 43. Qa6 Rb7 44. Kg1 Kh7 45. Qa5 Qb5 46. Qd8 Qd7 47. Qa5 Qb5 48. Qd8 Qb4 49. Kf2 Qe7 50. Qc8 Rd7 51. h4 h5 52. g3 Qd8 53. Qc6 1/2-1/2

[Event "ESP-ch FEDC 28th"]
[Site "Ubeda"]
[Date "2019.11.21"]
[Round "3"]
[White "San Juan Santin, Aaron"]
[Black "Fernandez Coya, Jose Luis"]
[Result "1/2-1/2"]
[WhiteElo "1477"]
[BlackElo "1599"]
[PlyCount "106"]
[EventDate "2019.11.19"]
[EventType "swiss"]
[EventRounds "8"]
[EventCountry "ESP"]
[SourceTitle "EXT 2024"]
[Source "ChessBase"]
[SourceDate "2023.10.10"]
[SourceVersion "1"]
[SourceVersionDate "2023.10.10"]
[SourceQuality "1"]

1. e4 e6 2. d4 d5 3. e5 c5 4. c3 Qb6 5. Nf3 Nc6 6. Bd3 Bd7 7. Bc2 cxd4 8. cxd4 Nb4 9. Nc3 Nxc2+ 10. Qxc2 Ne7 11. 0-0 Rc8 12. Qb3 Qxb3 13. axb3 a6 14. Bd2 Ng6 15. Rfc1 Be7 16. Na4 Rc6 17. Rxc6 Bxc6 18. Rc1 0-0 19. Nc5 Bxc5 20. Rxc5 f6 21. g3 fxe5 22. Nxe5 Nxe5 23. dxe5 Rf3 24. Rc3 d4 25. Rxf3 Bxf3 26. Kf1 Kf7 27. Ke1 Kg6 28. Bb4 Kf5 29. Bd6 Ke4 30. Kd2 d3 31. Bc7 g5 32. Bd8 g4 33. Bg5 Be2 34. Bf4 h5 35. Kc3 Bd1 36. b4 b5 37. Kd2 Be2 38. Ke1 Kf3 39. Be3 Kg2 40. Kd2 Kxh2 41. Bd4 Kg2 42. Ke3 Kh3 43. Bc3 h4 44. gxh4 Kxh4 45. Bd2 Kh3 46. Bc3 Kg2 47. Bd2 Kh3 48. Bc3 Kh4 49. Bd2 Kh5 50. Bc3 Kg6 51. Bd4 Kf5 52. Bc3 Kg6 53. Bd2 Kf5 1/2-1/2

[Event "ESP-ch FEDC 27th"]
[Site "Almunecar"]
[Date "2018.12.01"]
[Round "6"]
[White "Sanchez Ruiz, Piedad Esmeralda"]
[Black "San Juan Santin, Aaron"]
[Result "1/2-1/2"]
[WhiteElo "1685"]
[BlackElo "1181"]
[PlyCount "80"]
[EventDate "2018.11.26"]
[EventType "swiss"]
[EventRounds "8"]
[EventCountry "ESP"]
[SourceTitle "EXT 2024"]
[Source "ChessBase"]
[SourceDate "2023.10.10"]
[SourceVersion "1"]
[SourceVersionDate "2023.10.10"]
[SourceQuality "1"]

1. e4 e5 2. Nf3 Nc6 3. Bb5 Nf6 4. d3 d6 5. c3 Bd7 6. Nbd2 a6 7. Ba4 b5 8. Bc2 Ne7 9. Nf1 Ng6 10. Ng3 Be7 11. 0-0 h6 12. d4 Bg4 13. h3 Bxf3 14. Qxf3 0-0 15. Nf5 Re8 16. h4 exd4 17. cxd4 Bf8 18. h5 Ne7 19. Nxh6+ gxh6 20. Qxf6 Nc6 21. Qxd8 Raxd8 22. Be3 Nb8 23. Rad1 Nd7 24. g4 Bg7 25. Kg2 Rc8 26. b4 Nb6 27. f4 Nc4 28. Bc1 f6 29. Kf3 Ra8 30. a4 Kf7 31. a5 Ke7 32. Bb3 Rac8 33. d5 c6 34. dxc6 Rxc6 35. Rd5 Rec8 36. Be3 Nxe3 37. Kxe3 Rc1 38. Rxc1 Rxc1 39. f5 Rb1 40. Rd3 Rb2 1/2-1/2